Profit dynamics : (Record no. 3058)
[ view plain ]
| 000 -LEADER | |
|---|---|
| fixed length control field | pam a22 a 4500 |
| 003 - CONTROL NUMBER IDENTIFIER | |
| control field | AKMAL |
| 005 - DATE AND TIME OF LATEST TRANSACTION | |
| control field | 20170519103916.0 |
| 008 - FIXED-LENGTH DATA ELEMENTS--GENERAL INFORMATION | |
| fixed length control field | 170519s1989 xxua b 001 0 eng d |
| 020 ## - INTERNATIONAL STANDARD BOOK NUMBER | |
| International Standard Book Number | 1556231105 |
| 040 ## - CATALOGING SOURCE | |
| Original cataloging agency | AKMAL |
| Transcribing agency | AKMAL |
| 082 04 - DEWEY DECIMAL CLASSIFICATION NUMBER | |
| Classification number | 658.155 TRA |
| 090 00 - LOCALLY ASSIGNED LC-TYPE CALL NUMBER (OCLC); LOCAL CALL NUMBER (RLIN) | |
| Classification number (OCLC) (R) ; Classification number, CALL (RLIN) (NR) | 658.155 |
| Local cutter number (OCLC) ; Book number/undivided call number, CALL (RLIN) | TRA |
| 090 20 - LOCALLY ASSIGNED LC-TYPE CALL NUMBER (OCLC); LOCAL CALL NUMBER (RLIN) | |
| Classification number (OCLC) (R) ; Classification number, CALL (RLIN) (NR) | 658.155 |
| Local cutter number (OCLC) ; Book number/undivided call number, CALL (RLIN) | TRA |
| 100 1# - MAIN ENTRY--PERSONAL NAME | |
| Personal name | Tracy, John A. |
| 9 (RLIN) | 6365 |
| 245 10 - TITLE STATEMENT | |
| Title | Profit dynamics : |
| Remainder of title | achieving consistent bottom line results / |
| Statement of responsibility, etc. | John A. Tracy. |
| 260 ## - PUBLICATION, DISTRIBUTION, ETC. | |
| Place of publication, distribution, etc. | Homewood, Ill. : |
| Name of publisher, distributor, etc. | Dow Jones-Irwin, |
| Date of publication, distribution, etc. | c1989. |
| 300 00 - PHYSICAL DESCRIPTION | |
| Extent | xiii, 201p. : |
| Other physical details | ill. ; |
| Dimensions | 24cm. |
| 504 ## - BIBLIOGRAPHY, ETC. NOTE | |
| Bibliography, etc. note | Includes bibliographical references. |
| 650 #0 - SUBJECT ADDED ENTRY--TOPICAL TERM | |
| Topical term or geographic name entry element | Corporate profits |
| 9 (RLIN) | 6366 |
| 650 #0 - SUBJECT ADDED ENTRY--TOPICAL TERM | |
| Topical term or geographic name entry element | Finance |
| General subdivision | Decision making |
| 9 (RLIN) | 6367 |
| 942 ## - ADDED ENTRY ELEMENTS (KOHA) | |
| Source of classification or shelving scheme | |
| Koha item type | Book |
| Withdrawn status | Lost status | Source of classification or shelving scheme | Damaged status | Not for loan | Collection code | Home library | Current library | Date acquired | Inventory number | Total Checkouts | Full call number | Barcode | Date last seen | Price effective from | Koha item type |
|---|---|---|---|---|---|---|---|---|---|---|---|---|---|---|---|
| NON-FICTION | AKMAL Melaka | AKMAL Melaka | 19.05.2017 | 601135 | 658.155 TRA | 201703718 | 19.05.2017 | 19.05.2017 | Book |
